000 00363nam a2200145Ia 4500
008 150201s2013 xx 000 0 und d
082 _a611
_bH13C
100 _aCHAURASIA, B.D.
245 _aHUMAN ANATOMY : REGIONAL & APPLIED DISSECTION - 2
250 _a6TH
260 _bCBS PUB
_aDELHI
_c2013
300 _a1-463
650 _aHUMAN ANATOMY
942 _2ddc
_cBK
999 _c1794
_d1794